|
|
|
|
| LEADER |
01015cam a2200241 i 4500 |
| 001 |
8981177 |
| 003 |
GR-PaULI |
| 005 |
20210117210949.0 |
| 008 |
190917s1971 it f g b 000 0 ita d |
| 952 |
|
|
|0 0
|1 0
|2 ddc
|4 0
|6 882_200000000000000_GIG
|7 0
|9 235172
|a THST
|b THST
|d 2019-09-17
|i 011865
|l 0
|o 882.2 GIG
|p 025000010234
|r 2019-09-17 00:00:00
|t 1
|v 2019.00
|w 2019-09-17
|y BK15
|
| 999 |
|
|
|c 142526
|d 142526
|
| 010 |
|
|
|a 72301736
|
| 040 |
|
|
|a DLC
|c OCU
|d DCHS
|d DLC
|d GR-PaULI
|b gre
|e AACR2
|
| 082 |
0 |
4 |
|2 23
|a 882.2
|
| 100 |
1 |
|
|a Gigante, Marcello.
|e συγγραφέας
|
| 245 |
1 |
0 |
|a Rintone :
|b e il teatro in Magna Grecia /
|c Marcello Gigante.
|
| 260 |
|
|
|a Napoli :
|b Guida,
|c 1971.
|
| 300 |
|
|
|a 149 σ. :
|b εικ. ;
|c 21 εκ.
|
| 504 |
|
|
|a Περιλαμβάνει βιβλιογραφία.
|
| 600 |
0 |
4 |
|a Ρίνθων
|9 177881
|c ο Συρακούσιος,
|d περ. 4ος αι. π.Χ.
|
| 650 |
|
4 |
|a Ελληνικό δράμα (Κωμωδία)
|x Ιστορία και κριτική
|9 543
|
| 942 |
|
|
|2 ddc
|c BK15
|
| 998 |
|
|
|c ΜΑΝΙΑ
|d 2019-09
|